| 000 | 00811cam a22002652 4500 | ||
|---|---|---|---|
| 999 |
_c2130 _d2130 |
||
| 001 | 439114 | ||
| 003 | OSt | ||
| 005 | 20230310104247.0 | ||
| 008 | 061113s2006 enka a 00011 eng d | ||
| 020 | _a9781844285198 (pbk.) | ||
| 040 |
_aDLC _cDLC _dTAE _dKH8 |
||
| 042 | _alcac | ||
| 082 | 0 | 4 | _a823.914 LEW |
| 100 | 1 |
_aLewis, Kim, _d1951- _eauthor |
|
| 245 | 1 | 0 |
_aHere we go, Harry / _cKim Lewis. |
| 260 |
_aLondon : _bWalker Books, _c2006. |
||
| 300 |
_a[32] p. : _bcol. ill. ; _c27 cm. |
||
| 500 | _aOriginally published: 2005. | ||
| 520 | _aHarry the elephant is helped by his toy friends, Lulu and Ted, to jump from a little grassy hill on a beautiful summer day. | ||
| 521 | _a4-8. | ||
| 650 | 1 |
_aFriendship _vFiction. |
|
| 650 | 1 |
_aToys _vFiction. |
|
| 650 | 1 |
_aElephants _vFiction. |
|
| 942 |
_2ddc _cNFIC |
||